00447nam a22001577a 4500003000400000005001700004008004100021020001500062040000900077100002600086245006900112260003000181300001100211490002300222600004400245OSt20131008141344.0130611s2000 sp ||||| |||| 00| 0 spa d a848998641X cCDMR1 aMora, Víctord1931-14aLos felices 40b: i [sic] algo de lo que siguiócVíctor Mora aBarcelonabLa Buscac2000 a145 p.0 aLa Biga. Opinión1 aMora, Víctord1931-vRecull d'escrits